Convención Americana sobre Derechos Humanos (Record no. 4103)
[ view plain ]
| 000 -CABECERA | |
|---|---|
| campo de control de longitud fija | 00281nam a22001217a 4500 |
| 020 ## - NUMERO INTERNACIONAL NORMALIZADO PARA LIBROS (ISBN) | |
| International Standard Book Number | 9789502323985 |
| 080 ## - NUMERO DE CLASIFICACION DECIMAL UNIVERSAL (CDU) | |
| Número de la Clasificación Decimal Universal | 342.56 C 629 |
| 245 ## - MENCION DE TITULO | |
| Título propiamente dicho | Convención Americana sobre Derechos Humanos |
| 300 ## - DESCRIPCION FISICA | |
| Extensión | 1040 p. |
| 650 ## - ASIENTO SECUNDARIO DE MATERIA - TERMINO TEMATICO | |
| Subdivisión general | derechos humanos |
| 945 ## - INFORMACION DE PROCESAMIENTO LOCAL | |
| Responsable de carga/modificación | Sabrina Cecilia Abram |
| AAAA-MM-DD - Fecha de ingreso/modificación | 2015-07-14 |
| 942 ## - ELEMENTOS AGREGADOS (KOHA) | |
| Clasificación normalizada de Koha para alfabetizar | _ |
| Retirado | Perdido | Dañado | No se presta | Ubicación permanente | Locación actual | Estante o sala | Fecha de adquisición | Total préstamos | Signatura topográfica | Inventario | Ultima fecha vista | Fecha del precio | Tipo de item de Koha |
|---|---|---|---|---|---|---|---|---|---|---|---|---|---|
| Bib. Derecho | Bib. Derecho | Sala de Lectura | 14/07/2015 | 342.56 C 629 | 203014 | 14/07/2015 | 14/07/2015 | LIBRO (Consulta) |
